000
00316nam a22001333 4500
001
206904
005
20250825105555.0
090
_a
206904
100
_a
20250825 ukry50
101
_a
ukr
102
_a
UA
200
_a
801
_2
unimarc
_a
UA
_g
psbo
942
_c
NEWSPAPER